Business statistics (Record no. 141645)

MARC details
000 -LEADER
fixed length control field 00525nam a2200217Ia 4500
003 - CONTROL NUMBER IDENTIFIER
control field OSt
005 - DATE AND TIME OF LATEST TRANSACTION
control field 20250704135307.0
008 - FIXED-LENGTH DATA ELEMENTS--GENERAL INFORMATION
fixed length control field 210210b2010 xxu||||| |||| 00| 0 eng d
040 ## - CATALOGING SOURCE
Transcribing agency AL
041 ## - LANGUAGE CODE
Language code of text/sound track or separate title eng
082 ## - DEWEY DECIMAL CLASSIFICATION NUMBER
Classification number 519.5 TULB
100 ## - MAIN ENTRY--PERSONAL NAME
Personal name Tulsian P C
9 (RLIN) 217259
245 ## - TITLE STATEMENT
Title Business statistics
250 ## - EDITION STATEMENT
Edition statement 2
260 ## - PUBLICATION, DISTRIBUTION, ETC.
Place of publication, distribution, etc. New Delhi
Name of publisher, distributor, etc. S. Chand & Co. Ltd.
Date of publication, distribution, etc. 2010
300 ## - PHYSICAL DESCRIPTION
Extent xvii,972p.
690 ## - LOCAL SUBJECT ADDED ENTRY--TOPICAL TERM (OCLC, RLIN)
Topical term or geographic name as entry element Business Statistics
9 (RLIN) 217268
700 ## - ADDED ENTRY--PERSONAL NAME
Personal name Bharat Jhunjhunwala
9 (RLIN) 217269
906 ## - LOCAL DATA ELEMENT F, LDF (RLIN)
a 065025
942 ## - ADDED ENTRY ELEMENTS (KOHA)
Source of classification or shelving scheme Dewey Decimal Classification
Koha item type Book
Holdings
Withdrawn status Lost status Source of classification or shelving scheme Damaged status Not for loan Collection code Home library Current library Shelving location Date acquired Source of acquisition Cost, normal purchase price Total Checkouts Full call number Barcode Date last seen Date last checked out Price effective from Koha item type
    Dewey Decimal Classification     Statistics St Aloysius Library St Aloysius Library Stack Section 02/17/2021 Athulya Books, Kannur 495.00 1 519.5 TULB 065025 06/04/2026 12/08/2025 02/17/2021 Book